000 00265nam a22001217a 4500
008 181102b xxu||||| |||| 00| 0 eng d
041 _aeng
080 _a616
100 _a9
101 _aPAT
245 _aSynopsis of Pathology
_cAnderson, W.A.D
942 _2udc
_cBK
999 _c51628
_d51628